| 000 | 00884nam a22002297a 4500 | ||
|---|---|---|---|
| 999 |
_c17992 _d17992 |
||
| 003 | OSt | ||
| 005 | 20230323154900.0 | ||
| 008 | 230323b ||||| |||| 00| 0 eng d | ||
| 040 | _c0 | ||
| 082 | _aDPer 570 J826 2021 v55 no. 1-5 | ||
| 100 |
_aAmprazis, Alexandros. _eauthor. _948051 |
||
| 245 |
_aPlant blindness and children's recognition of plants as living things : _ba research in the primary school context / _cAlexandros Amprazis, Penelope Papapoulou, and George Malandrakis |
||
| 260 |
_aUnited Kingdom, _bTaylor & Francis Group, _cApril 2021. |
||
| 300 | _avolume 55, pages 139-154, illustration. | ||
| 650 |
_aBiology. _948052 |
||
| 650 |
_aEducation. _948053 |
||
| 650 |
_aPlants. _948054 |
||
| 700 |
_aAmprazis, Alexandros. _eauthor. _948051 |
||
| 700 |
_aPapapoulou, Penelope. _eauthor. _948055 |
||
| 700 |
_aMalandrakis, George. _eauthor. _948056 |
||
| 942 |
_2ddc _cPER |
||